header

Art against dictatorship (Record no. 15132)

MARC details
000 -LEADER
fixed length control field 01788nam a2200373 a 4500
082 04 - DEWEY DECIMAL CLASSIFICATION NUMBER
Classification number 305.40983
100 1# - MAIN ENTRY--AUTHOR NAME
Personal name Adams, Jacqueline.
245 10 - TITLE STATEMENT
Title Art against dictatorship
250 ## - EDITION STATEMENT
Edition statement 1st ed.
260 ## - PUBLICATION, DISTRIBUTION, ETC. (IMPRINT)
Place of publication Austin :
Name of publisher University of Texas Press,
Year of publication 2013.
300 ## - PHYSICAL DESCRIPTION
Number of Pages xii, 297 p.
505 0# - FORMATTED CONTENTS NOTE
Formatted contents note Solidarity art -- Beginnings: unemployment and joining groups -- The first arpillera groups -- Arpillera making in other groups and its spread -- Producing the arpilleras -- Selling arpilleras -- The buyers abroad -- Selling, giving, and exhibiting arpilleras in Chile -- The consequences of arpillera making.
650 #0 - SUBJECT ADDED ENTRY--TOPICAL TERM
Topical Term Women
Topical Term Arpilleras.
Topical Term Decorative arts
856 40 - ELECTRONIC LOCATION AND ACCESS
Uniform Resource Identifier http://site.ebrary.com/lib/rucke/Doc?id=10747512

No items available.

© 2026 Rongo University
Contact us: librarian | system librarian | Rongo university